Beryllium, its metallurgy and properties, (Record no. 6542)
[ view plain ]
| 000 -LEADER | |
|---|---|
| fixed length control field | 00596nac a22001811u 4500 |
| 010 ## - LIBRARY OF CONGRESS CONTROL NUMBER | |
| LC control number | 65015282 |
| 082 00 - DEWEY DECIMAL CLASSIFICATION NUMBER | |
| Classification number | 669.724 |
| Item number | HAU |
| 090 ## - LOCALLY ASSIGNED LC-TYPE CALL NUMBER (OCLC); LOCAL CALL NUMBER (OCLC) | |
| -- | 6542 |
| -- | 6542 |
| 100 ## - MAIN ENTRY--PERSONAL NAME | |
| Personal name | Hausner, Henry Herman, |
| 245 10 - TITLE STATEMENT | |
| Title | Beryllium, its metallurgy and properties, |
| Statement of responsibility, etc | edited by Henry H. Hausner. |
| 260 ## - PUBLICATION, DISTRIBUTION, ETC. (IMPRINT) | |
| Place of publication, distribution, etc | Berkeley, |
| Name of publisher, distributor, etc | University of California Press,1965 |
| Date of publication, distribution, etc | 1965. |
| 300 ## - PHYSICAL DESCRIPTION | |
| Extent | 322 p. |
| Other physical details | ill. |
| Dimensions | 24 cm. |
| 500 ## - GENERAL NOTE | |
| General note | distributer: Al-Ahram |
| 504 ## - BIBLIOGRAPHY, ETC. NOTE | |
| Bibliography, etc | Includes bibliographical references. |
| 511 ## - PARTICIPANT OR PERFORMER NOTE | |
| Participant or performer note | catalogued by: wessam |
| 650 #0 - SUBJECT ADDED ENTRY--TOPICAL TERM | |
| Topical term or geographic name as entry element | Beryllium. |
| 942 ## - ADDED ENTRY ELEMENTS (KOHA) | |
| Item type | Book - Borrowing |
| Call number prefix | 669.724HAU |
| Withdrawn status | Item status | Damaged status | Not for loan | Home library | Current library | Shelving location | Date acquired | Source of acquisition | Total Checkouts | Full call number | Barcode | Date last seen | Koha item type |
|---|---|---|---|---|---|---|---|---|---|---|---|---|---|
| Central Library | Central Library | First floor | 26/11/2007 | Purchase | 669.724HAU | 000007157 | 15/07/2025 | Book - Borrowing |